Szczegóły MARC21

Prawo gospodarcze /

003 -Nazwa inst., której nr kontr. jest w polu 001 [,]
    • @
    • Nazwa instytucji, której n kontrolny jest w polu 001
    • NUKAT
005 -DATA I CZAS OSTATNIEJ MODYFIKACJI [,]
    • @
    • pole kontrolne
    • 20241231094843.0
020 -Międzynarod. znormalizowany nr książki - ISBN [ , ]
    • a
    • Numer ISBN
    • 8387161535 Find
040 -Instytucja sporządzająca opis [ , ]
    • a
    • Instytucja, która sporządziła opis (NP)
    • Ł U/BWP
    • c
    • Instytucja, która sporządziła rekord (NP)
    • Ł U/BWP
    • d
    • Instytucja, która zmodyfikowała rekord (P)
    • Ł U/AS
    • d
    • Instytucja, która zmodyfikowała rekord (P)
    • Ł U/ASs
942 -Rodzaj dokumentu [ , ]
    • c
    • Rodzaj dokumentu
    • Książka
100 -Hasło główne - nazwa osobowa [1, ]
    • a
    • Nazwa osobowa (NP)
    • Górski, Władysław
    • d
    • Daty biograficzne (NP)
    • (1917-2015).
    • 9
    • KHW
    • 38282
245 -Strefa tytułu i oznaczenia odpowiedzialności [1,0]
    • a
    • Tytuł
    • Prawo gospodarcze / Find
    • c
    • Pozostałe elementy strefy tytułu i oznaczenia odpowiedzialności (NP)
    • Władysław Górski, Krzysztof Wesołowski.
250 -Strefa wydania [ , ]
    • a
    • Oznaczenie wydania (NP)
    • Stan prawny na dzień 1 września 2000 r.
260 -Strefa adresu wydawniczego [ , ]
    • a
    • Miejsce wydania (P)
    • Zielona Góra :
    • b
    • Nazwa wydawcy (P)
    • Zachodnie Centrum Organizacji,
    • c
    • Data wydania (P)
    • 2000.
300 -Strefa opisu fizycznego [ , ]
    • a
    • Określenie formy książki i/lub objętość (NP)
    • 259 s. ;
    • c
    • Format (NP)
    • 24 cm.
336 -Typ zawartości [ , ]
    • a
    • Termin opisujący typ zawartości
    • Tekst
    • b
    • Kod określający zawartość
    • txt
    • 2
    • Źródło (terminu i kodu)
    • rdacontent
337 -Typ mediów [ , ]
    • a
    • Tryb odtwarzania
    • Bez urządzenia pośredniczącego
    • b
    • Kod typu mediów
    • n
    • 2
    • Źródło (terminu i kodu)
    • rdamedia
338 -Typ/rodzaj nośnika [ , ]
    • a
    • Hasło opisujące typ nośnika
    • Wolumin
    • b
    • Kod typu nośnika
    • nc
    • 2
    • Źródło (terminu i kodu)
    • rdacarrier
080 -Uniwersalna Klasyfikacja Dziesiętna [ , ]
    • 2
    • Identyfikator wydania tablic
    • UDC-P058
    • a
    • Symbol klasyfikacji
    • 346
    • b
    • Dopowiedzenie
    • Prawo gospodarcze. Prawo kierowania gospodarką przez państwo.
    • x
    • Poddział wspólny
    • (075.8)
    • b
    • Dopowiedzenie
    • (Podręczniki dla szkół wyższych. Skrypty).
650 -Hasło przedmiotowe [ ,7]
    • a
    • Hasło przedmiotowe
    • Prawo gospodarcze publiczne
    • z
    • Określnik geograficzny
    • Polska
    • y
    • Określnik chronologiczny
    • 1990-
    • v
    • Określnik formalny
    • podręczniki akademickie.
    • 2
    • Źródło terminu
    • kaba
    • 9
    • KHW
    • 363187
980 -Symbol UKD [ , ]
    • a
    • UKD
    • 346(075.8)
700 -Hasło dodatkowe - nazwa osobowa [1, ]
    • a
    • Nazwa osobowa (NP)
    • Wesołowski, Krzysztof Find
    • c
    • Dopowiedzenie inne niż daty biograficzne (NP)
    • (prawnik).
    • 9
    • KHW
    • 12873
920 -ISBN [ , ]
    • a
    • ISBN
    • 83-87161-53-5 Find
Data inwentaryzacji Lokalizacja Status udost. Numer inwentarzowy Sygnatura
2000-11-27BE-2E.67522 
2000-11-27BE-3S.87272 
2001-04-19BSA1SA.10609SA.10609
2001-07-16BSA-3SA.10707SA.10707
2000-11-27T-6T.3359 
2000-11-27T-6T.3360T.3360
2000-11-27T-6T.3361T.3361
2000-11-27T-6T.3362T.3362
2000-11-27T-6T.3363T.3363
2000-11-27T-6T.3364T.3364
2000-11-27T-6T.3365T.3365
2000-11-27T-6T.3366T.3366
2000-11-27T-6T.3367T.3367
2000-11-27T-6T.3368T.3368
2000-11-27T-6T.3369T.3369
2000-11-27T-6T.3370T.3370
2001-01-31T-6T.4014 
2001-01-31T-6T.4015T.4015
2001-01-31T-6T.4016T.4016
2001-01-31T-6T.4017T.4017
2001-01-31T-6T.4018T.4018
2001-01-31T-6T.4019T.4019
2001-01-31T-6T.4020T.4020
2001-01-31T-6T.4021T.4021
2001-01-31T-6T.4022T.4022
2001-01-31T-6T.4023T.4023
2001-01-31T-6T.4024T.4024
2001-01-31T-6T.4025T.4025
2001-01-31T2T.4026 
2001-01-31T-6T.4027T.4027
2001-01-31T-6T.4028T.4028
2001-01-31T-6T.4029T.4029
2001-01-31T-6T.4030T.4030
2001-01-31T-6T.4031T.4031
2001-01-31T-6T.4032T.4032
2001-01-31T-6T.4033T.4033
2001-01-31T-6T.4034T.4034
2001-01-31T-6T.4035T.4035
2001-01-31T-6T.4036T.4036
2007-08-27T-3TM.4755TM.4755
2010-10-07T-3TM.7360TM.7360